| 000 | 00773nam a2200241 a 4500 | ||
|---|---|---|---|
| 001 | 000020140 | ||
| 005 | 20200929170302.0 | ||
| 008 | 100722s1944 ag r 001 f spa d | ||
| 040 |
_aDO-SdBNP _bspa _cBNPHU |
||
| 082 |
_a863.3 _bC718p |
||
| 100 | 1 |
_aColoma Roldán, Luis, _d1851-1915 _942735 |
|
| 245 | 1 | 0 | _aPequeñeses. |
| 250 | _a2a ed. | ||
| 260 |
_aBuenos Aires, Argentina : _bEspasa-Calpe, _c1944. |
||
| 300 |
_a349 p. ; _c18 cm. |
||
| 490 | 1 |
_aAustral. Azul : novelas y cuentos en general ; _v413 |
|
| 500 | _aIncluye índice de autores. | ||
| 500 | _aIncluye notas al pie de las páginas. | ||
| 650 | 4 |
_aNovela española _91123 |
|
| 650 | 4 |
_aLiteratura española _9632 |
|
| 830 | 0 |
_aAustral. Azul : novelas y cuentos en general ; _v413 _922386 |
|
| 049 | _aBNGR | ||
| 999 |
_c19648 _d19648 |
||